Statistics for Code Geass Characters

Click here to take the quiz!

General Stats

  • This quiz has been taken 167 times
  • The average score is 18 of 50

Answer Stats

HintAnswer% Correct
Ashford AcademyLelouch vi Britannia
97%
Ashford AcademySuzaku Kururugi
85%
Ashford AcademyKallen Kozuki
81%
Ashford AcademyShirley Fenette
79%
Britannia Royal FamilyCharles zi Britannia
77%
Ashford AcademyC.C.
75%
Ashford AcademyNina Einstein
68%
Ashford AcademyNunnally vi Britannia
68%
Britannia Royal FamilyEuphemia li Britannia
67%
Britannia Royal FamilyCornelia li Britannia
65%
Ashford AcademyMilly Ashford
65%
Britannia Royal FamilyV.V.
59%
Ashford AcademyRolo Lamperouge
56%
Britannia Royal FamilySchneizel el Britannia
56%
CatArthur
53%
Britannia Royal FamilyClovis la Britannia
53%
Britannia Royal FamilyMarianne vi Britannia
53%
Ashford AcademyRivalz Cardemonde
50%
Other BritanniaJeremiah "Orange" Gottwald
47%
Black KnightsKaname Ohgi
43%
Knights of the RoundAnya Alstreim
39%
Black KnightsDiethard Ried
38%
Other BritanniaVilletta Nu
35%
Chinese FederationLi Xingke
32%
Knights of the RoundGino Weinberg
31%
Other BritanniaLloyd Asplund
30%
Chinese FederationMao
28%
Black KnightsShinichiro Tamaki
27%
Black KnightsKaguya Sumeragi
26%
Black KnightsRakshata Chawla
26%
Knights of the RoundBismarck Waldstein
21%
Other BritanniaCecile Croomy
21%
Black KnightsKyoshiro Tohdoh
21%
Britannia Royal FamilyOdysseus eu Britannia
21%
Ashford AcademySayoko Shinozaki
20%
Chinese FederationEmpress Tianzi
14%
Four Holy SwordsShogo Asahina
14%
Knights of the RoundLuciano Bradley
13%
Other BritanniaGilbert Guilford
12%
Four Holy SwordsKosetsu Urabe
12%
Other BritanniaAndreas Darlton
10%
Four Holy SwordsNagisa Chiba
10%
Black KnightsYoshitaka Minami
9%
Other BritanniaBartley Asprius
7%
Other BritanniaKanon Maldini
7%
Four Holy SwordsRyogo Senba
7%
Chinese FederationZhou Xianglin
7%
Black KnightsKento Sugiyama
4%
Other BritanniaKewell Soresi
3%
Other BritanniaAlecia Lohmeyer
0%

Score Distribution

Percentile by Number Answered

Percent of People with Each Score

Your Score History

You have not taken this quiz